Statistics for Diaspora-Indonesia

Click here to take the quiz!

General Stats

  • This quiz has been taken 155 times
  • The average score is 15 of 18

Answer Stats

Number of immigrantsContinentCountry% Correct
2.500.000AsiaMalaysia
99%
108.269AsiaChina
98%
187.220North AmericaUnited States of America
96%
15.520OceaniaAustralia
94%
86.196OceaniaAustralia
94%
49.982AsiaJapan
93%
200.000AsiaSingapore
88%
1.800.000Europethe Netherlands
88%
14.320North AmericaCanada
87%
33.195AsiaSouth Korea
83%
9.624EuropeUnited Kingdom
83%
1.500.000AsiaSaudi Arabia
81%
16.738EuropeGermany
76%
100.000AsiaUnited Arab Emirates
72%
161.000AsiaTaiwan
70%
43.817Asiathe Philippines
69%
39.000AsiaQatar
64%
74.000South AmericaSuriname
63%

Score Distribution

Percentile by Number Answered

Percent of People with Each Score

Your Score History

You have not taken this quiz